000
00170nam a2200085 4500
001
1300964
005
20260420141629.0
245
_a
DAR KAPI
_c
ANDRE GİDE
260
_b
TİMAŞ
999
_c
1300964
_d
1300964